Business Driven Information System: (Record no. 183393)

MARC details
000 -LEADER
fixed length control field 00600 a2200181 4500
005 - DATE AND TIME OF LATEST TRANSACTION
control field 20211224104053.0
010 ## - LCCN (DPL NO)
LC control number ENG-130583
020 ## - INTERNATIONAL STANDARD BOOK NUMBER
International Standard Book Number 978-934-5460-155-2
Terms of availability 845.00
035 ## - SYSTEM CONTROL NUMBER
System control number EN-114115
037 ## - SOURCE OF ACQUISITION
Source of stock number/acquisition DBAD/PUB
082 ## - DEWEY DECIMAL CLASSIFICATION NUMBER
Classification number 658.4038011
100 ## - MAIN ENTRY--PERSONAL NAME
Personal name Baltzan, Paige
245 ## - TITLE STATEMENT
Title Business Driven Information System:
Statement of responsibility, etc Paige Baltzan
260 ## - PUBLICATION, DISTRIBUTION, ETC. (IMPRINT)
Place of publication, distribution, etc Chennai
Name of publisher, distributor, etc McGraw Hill Education(india) Private Limited
Date of publication, distribution, etc 2022
270 ## - ADDRESS
Address Anjana Complex No.5 /90 A, Butt Road, St. Thomas Mount
City Chennai
Postal code 600016
300 ## - PHYSICAL DESCRIPTION
Extent 560p.
Dimensions 28cm (pbk)
942 ## - ADDED ENTRY ELEMENTS (KOHA)
Institution code [OBSOLETE] dpl
Item type English Books
Source of classification or shelving scheme Dewey Decimal Classification
Classification part 358.4038011
Call number suffix BAL
Holdings
Withdrawn status Lost status Not for loan Collection code Home library Current library Date acquired Source of acquisition Cost, normal purchase price Full call number Barcode Copy number Cost, replacement price Koha item type
      Non-fiction Mobile Library Mobile Library 24/12/2021 DBAD/PUB 845.00 358.4038011 BAL EN-114115 1 845.00 English Books

© Delhi Public Library
Hit Counter
free hit counter